[Event "Gonzaga Masters 2020"]
[Site "Dublin IRL"]
[Date "2020.01.26"]
[Round "4.1"]
[White "Meier, Georg"]
[Black "Lupulescu, Constantin"]
[Result "1/2-1/2"]
[WhiteTitle "GM"]
[BlackTitle "GM"]
[WhiteElo "2629"]
[BlackElo "2649"]
[WhiteNationality "GER"]
[BlackNationality "ROU"]
[WhiteFideId "4675789"]
[BlackFideId "1207822"]
[PlyCount "115"]
[EventDate "2020.01.24"]
[Source "Live boards"]

{ Event information: <a
href="http://www.irlchess.com/gonzaga2020_allfiles/pairings_gonzaga2020.html">Tournament
report</a>. }

1. Nf3 d5 2. g3 Bg4 3. Bg2 e6 4. h3 Bh5 5. O-O c6 6. d3 Nf6 7. c4 dxc4 8.
dxc4 Qxd1 9. Rxd1 Nbd7 10. b3 h6 11. Nc3 Be7 12. Bb2 O-O 13. Rd2 Rfd8 14.
Rad1 Nf8 15. Ne5 Rxd2 16. Rxd2 Rd8 17. Rxd8 Bxd8 18. g4 Bg6 19. Nxg6 Nxg6
20. Na4 Nd7 21. Bd4 a6 22. e3 Bf6 23. Bxf6 gxf6 24. f4 Ne7 25. Kf2 a5 26.
a3 b5 27. Nb2 Nc5 28. cxb5 cxb5 29. b4 axb4 30. axb4 Na6 31. Nd3 f5 32. Bb7
Nc7 33. Kf3 f6 34. e4 Kf7 35. gxf5 exf5 36. Nc5 Ne8 37. Bd5+ Nxd5 38. exd5
Nc7 39. d6 Nd5 40. Nb3 Ke6 41. Nd4+ Kxd6 42. Nxb5+ Ke7 43. Nd4 Nxb4 44.
Nxf5+ Kf7 45. Nxh6+ Kg6 46. Ng4 f5 47. Ne3 Nc6 48. Ng2 Kf6 49. Ke3 Ke6 50.
h4 Kf6 51. Kd3 Kg6 52. Kc4 Kh5 53. Kd5 Nb4+ 54. Ke6 Kg4 55. Kf6 Nd5+ 56.
Kg6 Nxf4+ 57. Nxf4 Kxh4 58. Kxf5 1/2-1/2

[Event "Gonzaga Masters 2020"]
[Site "Dublin IRL"]
[Date "2020.01.26"]
[Round "4.2"]
[White "Li, Henry"]
[Black "Tiviakov, Sergei"]
[Result "1/2-1/2"]
[WhiteTitle "FM"]
[BlackTitle "GM"]
[WhiteElo "2288"]
[BlackElo "2608"]
[WhiteICU "2276"]
[WhiteClub "Gonzaga"]
[WhiteNationality "IRL"]
[BlackNationality "NED"]
[WhiteFideId "2508524"]
[BlackFideId "1008013"]
[PlyCount "119"]
[EventDate "2020.01.24"]
[Source "Live boards"]

{ Event information: <a
href="http://www.irlchess.com/gonzaga2020_allfiles/pairings_gonzaga2020.html">Tournament
report</a>. }

1. e4 d5 2. exd5 Qxd5 3. Nc3 Qd6 4. d4 Nf6 5. Nf3 c6 6. h3 Bf5 7. Ne5 Nbd7
8. Nc4 Qc7 9. Qf3 e6 10. Bf4 Qd8 11. O-O-O Nd5 12. g4 Nxc3 13. Qxc3 Be4 14.
f3 Bd5 15. Nd6+ Bxd6 16. Bxd6 h5 17. Be2 Qg5+ 18. Kb1 Bxa2+ 19. Kxa2 Qd5+
20. Qb3 Qxd6 21. Qb4 b6 22. Qxb6 Ke7 23. Qa6 Rhb8 24. Qa3 Nf6 25. Bc4 Rb4
26. b3 Nd5 27. Bxd5 cxd5 28. Kb2 a5 29. c3 Rb5 30. Ra1 Qxa3+ 31. Rxa3 Kf6
32. Kc2 Rh8 33. h4 g6 34. Kd3 Rhb8 35. Rb1 R8b7 36. Rb2 hxg4 37. fxg4 g5
38. h5 Kg7 39. Rf2 Rxb3 40. Rxa5 Rb1 41. c4 R1b3+ 42. Ke2 dxc4 43. Rxg5+
Kh6 44. Rc5 Rg3 45. d5 exd5 46. Rxd5 Rxg4 47. Rdf5 Re4+ 48. Kd1 Ree7 49.
Kc2 Rbc7 50. R2f3 Kg7 51. Rg5+ Kf8 52. Rg4 Re2+ 53. Kc3 Rh2 54. Rxc4 Ra7
55. Rf5 Rh3+ 56. Kb2 Re7 57. Rc2 Kg7 58. Rg2+ Kh6 59. Rgf2 Rxh5 60. Rxf7
1/2-1/2

[Event "Gonzaga Masters 2020"]
[Site "Dublin IRL"]
[Date "2020.01.26"]
[Round "4.4"]
[White "Greet, Andrew"]
[Black "O'Gorman, Tom"]
[Result "1/2-1/2"]
[WhiteTitle "IM"]
[BlackTitle "FM"]
[WhiteElo "2425"]
[BlackElo "2245"]
[BlackICU "2205"]
[BlackClub "Dun Laoghaire"]
[WhiteNationality "SCO"]
[BlackNationality "IRL"]
[WhiteFideId "405817"]
[BlackFideId "2508249"]
[PlyCount "105"]
[EventDate "2020.01.24"]
[Source "Live boards"]

{ Event information: <a
href="http://www.irlchess.com/gonzaga2020_allfiles/pairings_gonzaga2020.html">Tournament
report</a>. }

1. Nf3 Nf6 2. c4 g6 3. g3 Bg7 4. Bg2 O-O 5. d4 d6 6. Nc3 Nc6 7. O-O a6 8.
b3 Rb8 9. d5 Na5 10. Bg5 c5 11. dxc6 Nxc6 12. Rc1 h6 13. Be3 Be6 14. Nd5
Bxd5 15. cxd5 Nb4 16. Qd2 Nbxd5 17. Bxh6 Rc8 18. Bxg7 Kxg7 19. e4 Nb6 20.
Qe3 Nbd7 21. Rxc8 Qxc8 22. Rc1 Qb8 23. Qc3 Rd8 24. h4 Nb6 25. Qd4 Rc8 26.
Rxc8 Nxc8 27. e5 dxe5 28. Nxe5 Qc7 29. Qf4 Nd6 30. Nc4 b5 31. Nxd6 exd6 32.
Bf3 Qc5 33. b4 Qc3 34. Kg2 a5 35. bxa5 Qxa5 36. g4 Qxa2 37. Qd4 Qc4 38. Qb2
Qe6 39. g5 Qe5 40. Qxe5 dxe5 41. gxf6+ Kxf6 42. Bd5 Kg7 43. Kg3 f5 44. Bc6
b4 45. Ba4 Kh6 46. Bd1 g5 47. hxg5+ Kxg5 48. Kf3 Kf6 49. Bc2 Kg5 50. Ke3
Kg4 51. Bb3 Kh3 52. Bd1 e4 53. Kf4 1/2-1/2

[Event "Gonzaga Masters 2020"]
[Site "Dublin IRL"]
[Date "2020.01.26"]
[Round "4.6"]
[White "Fitzsimons, David"]
[Black "Turner, Matthew"]
[Result "0-1"]
[WhiteTitle "IM"]
[BlackTitle "GM"]
[WhiteElo "2317"]
[BlackElo "2521"]
[WhiteICU "2345"]
[WhiteClub "Elm Mount"]
[WhiteNationality "IRL"]
[BlackNationality "SCO"]
[WhiteFideId "2501961"]
[BlackFideId "402893"]
[PlyCount "144"]
[EventDate "2020.01.24"]
[Source "Live boards"]

{ Event information: <a
href="http://www.irlchess.com/gonzaga2020_allfiles/pairings_gonzaga2020.html">Tournament
report</a>. }

1. e4 e5 2. Nf3 Nc6 3. Nc3 Nf6 4. Bb5 Nd4 5. O-O c6 6. Bd3 Nxf3+ 7. Qxf3 d6
8. h3 g5 9. Bc4 g4 10. hxg4 Bxg4 11. Qe3 Rg8 12. Re1 Rg6 13. d4 Nh5 14. g3
Qf6 15. dxe5 dxe5 16. Be2 b6 17. Bxg4 Rxg4 18. Kg2 Nf4+ 19. Kf1 Ne6 20. Kg2
h5 21. Ne2 h4 22. Qc3 Bc5 23. Be3 hxg3 24. fxg3 O-O-O 25. Rf1 Qg6 26. Rf5
Rxe4 27. Rxe5 Rxe5 28. Qxe5 Rd5 29. Qh8+ Kb7 30. Bxc5 Qe4+ 31. Kg1 Qxe2 32.
Bf2 Rd2 33. Qf6 Ng5 34. Rf1 Nf3+ 35. Kg2 Ne5 36. Re1 Qxe1 37. Qe7+ Kc8 38.
Qe8+ Kc7 39. Qe7+ Rd7 40. Qxd7+ Kxd7 41. Bxe1 Nc4 42. Bc3 Ne3+ 43. Kf3 Nxc2
44. Ke4 a5 45. a3 a4 46. g4 Ke6 47. g5 Na1 48. b4 Nb3 49. Bf6 Nd2+ 50. Kd3
Nf3 51. Ke4 Nh4 52. Bd8 b5 53. Kd4 Kd6 54. Ke4 Ke6 55. Kd4 Nf5+ 56. Kc5 Kd7
57. Bf6 Nd6 58. Bb2 Ne4+ 59. Kd4 Nxg5 60. Ke5 Ke7 61. Bc1 f6+ 62. Kf5 Nf7
63. Ke4 Ke6 64. Kd4 Ne5 65. Bf4 Kf5 66. Bg3 Nc4 67. Be1 Nxa3 68. Kc5 Ke4
69. Bc3 f5 70. Kxc6 f4 71. Kc5 f3 72. Bd4 Nc2 0-1

[Event "Gonzaga Masters 2020"]
[Site "Dublin IRL"]
[Date "2020.01.26"]
[Round "4.11"]
[White "Peoples, Jonathon"]
[Black "Haque, Muhtarim-Ul"]
[Result "1/2-1/2"]
[WhiteElo "1909"]
[BlackElo "2045"]
[WhiteICU "1851"]
[BlackICU "1981"]
[WhiteClub "U.C.D."]
[BlackClub "Rathmines"]
[WhiteNationality "IRL"]
[BlackNationality "IRL"]
[WhiteFideId "2509520"]
[BlackFideId "2509415"]
[PlyCount "72"]
[EventDate "2020.01.24"]
[Source "Live boards"]

{ Event information: <a
href="http://www.irlchess.com/gonzaga2020_allfiles/pairings_gonzaga2020.html">Tournament
report</a>. }

1. d4 Nf6 2. c4 g6 3. Nc3 Bg7 4. e4 d6 5. Nf3 O-O 6. Be2 e5 7. O-O Nc6 8.
d5 Ne7 9. b4 Nh5 10. Re1 a5 11. Ba3 Nf4 12. Bf1 f5 13. bxa5 fxe4 14. Nxe4
Bg4 15. Qb3 Kh8 16. Rab1 Rxa5 17. Bb4 Ra8 18. c5 Nexd5 19. cxd6 Nxb4 20.
dxc7 Qxc7 21. Qxb4 Rxa2 22. Qxb7 Qxb7 23. Rxb7 Nh3+ 24. gxh3 Bxf3 25. Bg2
Bxe4 26. Bxe4 Raxf2 27. Rc1 R2f7 28. Rxf7 Rxf7 29. Rc8+ Rf8 30. Rxf8+ Bxf8
31. Kg2 Kg7 32. Kg3 Kf6 33. h4 h6 34. h5 g5 35. Kg4 Ke6 36. h4 Be7 1/2-1/2

[Event "Gonzaga Masters 2020"]
[Site "Dublin IRL"]
[Date "2020.01.26"]
[Round "4.12"]
[White "Murray, David"]
[Black "Brewer, Callum"]
[Result "1-0"]
[WhiteElo "2140"]
[BlackElo "2134"]
[WhiteICU "2145"]
[WhiteClub "Gonzaga"]
[WhiteNationality "IRL"]
[BlackNationality "ENG"]
[WhiteFideId "2501511"]
[BlackFideId "435309"]
[PlyCount "63"]
[EventDate "2020.01.24"]
[Source "Live boards"]

{ Event information: <a
href="http://www.irlchess.com/gonzaga2020_allfiles/pairings_gonzaga2020.html">Tournament
report</a>. }

1. e4 c6 2. d4 d5 3. e5 Bf5 4. h4 h5 5. Bd3 Bxd3 6. Qxd3 Qa5+ 7. Nd2 e6 8.
Nf3 Ne7 9. O-O Nf5 10. b3 Nd7 11. c4 Be7 12. a4 O-O 13. Ba3 Bxa3 14. Rxa3
Qb4 15. Ra2 Rfd8 16. Rc1 dxc4 17. Rxc4 Qe7 18. a5 c5 19. d5 exd5 20. Rf4
Nh6 21. Ng5 Nf8 22. Nf1 Qxe5 23. Qf3 Ng6 24. Rxf7 Nxh4 25. Qxh5 Nxf7 26.
Qxf7+ Kh8 27. Qh5+ Kg8 28. Qh7+ Kf8 29. Qxh4 d4 30. Qh5 Qd5 31. Re2 d3 32.
Re6 1-0

[Event "Gonzaga Masters 2020"]
[Site "Dublin IRL"]
[Date "2020.01.26"]
[Round "4.13"]
[White "Burke, Kevin"]
[Black "Jackson, Carl"]
[Result "1-0"]
[WhiteElo "1851"]
[BlackElo "2074"]
[WhiteICU "1796"]
[BlackICU "2056"]
[WhiteClub "St. Benildus"]
[BlackClub "Gonzaga"]
[WhiteNationality "IRL"]
[BlackNationality "IRL"]
[WhiteFideId "2501520"]
[BlackFideId "2502585"]
[PlyCount "83"]
[EventDate "2020.01.24"]
[Source "Live boards"]

{ Event information: <a
href="http://www.irlchess.com/gonzaga2020_allfiles/pairings_gonzaga2020.html">Tournament
report</a>. }

1. e4 c5 2. c3 d5 3. exd5 Qxd5 4. d4 Nc6 5. Nf3 Bf5 6. dxc5 Qxd1+ 7. Kxd1
Nf6 8. Bc4 e6 9. b4 Be7 10. Nbd2 O-O 11. a4 Ng4 12. Ke2 Bf6 13. Ra3 Rfd8
14. Ne1 a6 15. f4 g5 16. h3 Nh6 17. g4 Nxg4 18. hxg4 Bxg4+ 19. Ke3 gxf4+
20. Kxf4 h5 21. Ne4 Bg7 22. Nd3 Ne7 23. Ndf2 Ng6+ 24. Kg5 Ne5 25. Nxg4 hxg4
26. Bb3 Rd3 27. Bf4 Rh3 28. Rxh3 gxh3 29. Ra2 Nd3 30. Bh2 Nc1 31. Rb2 Nxb3
32. Rxb3 Rd8 33. Nd6 Bf8 34. c4 f5 35. Rg3 Bxd6 36. cxd6 Rxd6 37. Kf6+ Kf8
38. Rxh3 e5+ 39. Kxe5 Rd2 40. Ke6 f4 41. Bxf4 Rf2 42. Be5 1-0

[Event "Gonzaga Masters 2020"]
[Site "Dublin IRL"]
[Date "2020.01.26"]
[Round "4.14"]
[White "Manojlovic, Mihailo"]
[Black "Venkatesan, Kavin"]
[Result "0-1"]
[WhiteElo "2011"]
[BlackElo "1815"]
[WhiteICU "2205"]
[BlackICU "1874"]
[BlackClub "St. Benildus"]
[WhiteNationality "IRL"]
[BlackNationality "IRL"]
[WhiteFideId "2507633"]
[BlackFideId "2512602"]
[PlyCount "58"]
[EventDate "2020.01.24"]
[Source "Live boards"]

{ Event information: <a
href="http://www.irlchess.com/gonzaga2020_allfiles/pairings_gonzaga2020.html">Tournament
report</a>. }

1. e4 c5 2. c3 d5 3. exd5 Nf6 4. d4 Nxd5 5. Nf3 e6 6. Bd3 cxd4 7. cxd4 Bb4+
8. Nbd2 O-O 9. O-O Nc6 10. Nc4 a6 11. Qe2 Nce7 12. Bg5 f6 13. Qe4 Ng6 14.
Bd2 Bxd2 15. Ncxd2 f5 16. Qe1 b5 17. Nb3 Ndf4 18. Qe3 Bb7 19. Nc5 Bd5 20.
g3 Nh3+ 21. Kg2 Ng5 22. Be2 f4 23. Qd3 e5 24. Qd1 e4 25. Nxg5 f3+ 26. Nxf3
exf3+ 27. Kg1 fxe2 28. Qxe2 Bc4 29. Nd3 Qxd4 0-1

[Event "Gonzaga Masters 2020"]
[Site "Dublin IRL"]
[Date "2020.01.26"]
[Round "4.15"]
[White "Putar, Leon"]
[Black "Fox, Anthony"]
[Result "0-1"]
[WhiteElo "1845"]
[BlackElo "2003"]
[WhiteICU "1817"]
[BlackICU "1957"]
[WhiteClub "St. Benildus"]
[BlackClub "Dun Laoghaire"]
[WhiteNationality "IRL"]
[BlackNationality "IRL"]
[WhiteFideId "14546612"]
[BlackFideId "2500736"]
[PlyCount "134"]
[EventDate "2020.01.24"]
[Source "Live boards"]

{ Event information: <a
href="http://www.irlchess.com/gonzaga2020_allfiles/pairings_gonzaga2020.html">Tournament
report</a>. }

1. e4 e5 2. Nf3 Nc6 3. Bc4 Nf6 4. d3 Be7 5. c3 O-O 6. O-O d6 7. h3 Na5 8.
Bb5 a6 9. Ba4 b5 10. Bc2 c5 11. Re1 Re8 12. Nbd2 g6 13. Nf1 Bf8 14. Bg5 h6
15. Bh4 Be7 16. Bxf6 Bxf6 17. Ne3 Be6 18. Nd5 Bxd5 19. exd5 Bg7 20. Qd2 Nb7
21. Kf1 Kh7 22. Re2 f5 23. Rae1 Qf6 24. Nh2 Qf7 25. c4 Rab8 26. f4 exf4 27.
Qxf4 Be5 28. Qh4 g5 29. Qf2 Bxh2 30. d4 Rxe2 31. Rxe2 Kg7 32. Qe1 Kf8 33.
dxc5 Nxc5 34. b4 Nd7 35. Re6 Re8 36. g3 Ne5 37. Rxh6 Kg7 38. Rxd6 bxc4 39.
Qd2 Qh5 40. Kg2 Bxg3 41. Qe3 Bf4 42. Qf2 Nf7 43. Re6 Rxe6 44. dxe6 Ne5 45.
a4 Kf6 46. b5 axb5 47. axb5 Qh4 48. Qa7 Qg3+ 49. Kf1 Qxh3+ 50. Ke2 Qf3+ 51.
Ke1 Qe3+ 52. Qxe3 Bxe3 53. Bxf5 Bc5 54. Be4 Kxe6 55. Ke2 Nd7 56. Bc6 Nb6
57. Bg2 Ke5 58. Kf3 Kd4 59. Ke2 c3 60. Bh3 Kc4 61. Bg2 Kxb5 62. Kd3 Kb4 63.
Kc2 Nc4 64. Bc6 Ne3+ 65. Kb1 Kb3 66. Be4 c2+ 67. Bxc2+ Nxc2 0-1

[Event "Gonzaga Masters 2020"]
[Site "Dublin IRL"]
[Date "2020.01.26"]
[Round "4.17"]
[White "Casey, Eoghan"]
[Black "Murray, Benjamin"]
[Result "0-1"]
[WhiteElo "1974"]
[BlackElo "1740"]
[WhiteICU "1875"]
[BlackICU "1808"]
[WhiteClub "Gonzaga"]
[BlackClub "St. Benildus"]
[WhiteNationality "IRL"]
[BlackNationality "IRL"]
[WhiteFideId "2502178"]
[BlackFideId "2512963"]
[PlyCount "42"]
[EventDate "2020.01.24"]
[Source "Live boards"]

{ Event information: <a
href="http://www.irlchess.com/gonzaga2020_allfiles/pairings_gonzaga2020.html">Tournament
report</a>. }

1. d4 d5 2. Bf4 Nf6 3. e3 e6 4. Bd3 Bd6 5. Bg3 O-O 6. Nd2 b6 7. e4 dxe4 8.
Nxe4 Bb7 9. Nxf6+ Qxf6 10. Qg4 e5 11. Qh3 e4 12. Bc4 Qxd4 13. Bb3 Bb4+ 14.
Kf1 Rd8 15. c3 Ba6+ 16. Ne2 Bxe2+ 17. Kxe2 Qd3+ 18. Ke1 Bxc3+ 19. bxc3
Qxc3+ 20. Ke2 Rd2+ 21. Ke1 Rxa2+ 0-1

[Event "Gonzaga Masters 2020"]
[Site "Dublin IRL"]
[Date "2020.01.26"]
[Round "5.1"]
[White "Lupulescu, Constantin"]
[Black "Korneev, Oleg"]
[Result "1/2-1/2"]
[WhiteTitle "GM"]
[BlackTitle "GM"]
[WhiteElo "2649"]
[BlackElo "2513"]
[WhiteNationality "ROU"]
[BlackNationality "ESP"]
[WhiteFideId "1207822"]
[BlackFideId "4156803"]
[PlyCount "87"]
[EventDate "2020.01.24"]
[Source "Live boards"]

{ Event information: <a
href="http://www.irlchess.com/gonzaga2020_allfiles/pairings_gonzaga2020.html">Tournament
report</a>. }

1. d4 d5 2. c4 e6 3. Nf3 Nf6 4. Bg5 Be7 5. Nc3 h6 6. Bf4 O-O 7. e3 c5 8.
dxc5 Bxc5 9. a3 Nc6 10. cxd5 exd5 11. Be2 a6 12. O-O Be6 13. Ne5 Bd6 14.
Nxc6 bxc6 15. Bxd6 Qxd6 16. b4 c5 17. bxc5 Qxc5 18. Qd4 Qxd4 19. exd4 Rfb8
20. f3 Rb3 21. Na4 a5 22. Rfb1 Rab8 23. Bd3 Ne8 24. Nc5 Rxb1+ 25. Rxb1
Rxb1+ 26. Bxb1 Nd6 27. Bd3 Bf5 28. Be2 Bc2 29. g4 f5 30. Kf2 Kf7 31. Ke3
fxg4 32. fxg4 Kf6 33. Kd2 Bg6 34. Nb3 Ne4+ 35. Ke3 a4 36. Nc5 Nc3 37. h4
Nb1 38. Bb5 Nxa3 39. Bxa4 Bc2 40. Bc6 Bd1 41. Kf4 g5+ 42. hxg5+ hxg5+ 43.
Kg3 Nc2 44. Bxd5 1/2-1/2

[Event "Gonzaga Masters 2020"]
[Site "Dublin IRL"]
[Date "2020.01.26"]
[Round "5.2"]
[White "Kanyamarala, Tarun"]
[Black "Meier, Georg"]
[Result "1-0"]
[WhiteTitle "FM"]
[BlackTitle "GM"]
[WhiteElo "2320"]
[BlackElo "2629"]
[WhiteICU "2220"]
[WhiteClub "Balbriggan"]
[WhiteNationality "IRL"]
[BlackNationality "GER"]
[WhiteFideId "45004714"]
[BlackFideId "4675789"]
[PlyCount "105"]
[EventDate "2020.01.24"]
[Source "Live boards"]

{ Event information: <a
href="http://www.irlchess.com/gonzaga2020_allfiles/pairings_gonzaga2020.html">Tournament
report</a>. }

1. d4 e6 2. c4 Nf6 3. Nc3 Bb4 4. g3 c5 5. Nf3 Nc6 6. Bg2 Ne4 7. Bd2 Nxd2 8.
Qxd2 cxd4 9. Nxd4 Qb6 10. Nc2 Be7 11. O-O O-O 12. Rfd1 Ne5 13. b3 d6 14.
Nd4 a6 15. Na4 Qc7 16. Qb4 Nd7 17. Rac1 Rb8 18. e3 Re8 19. h3 Bf8 20. Qd2
g6 21. b4 Nb6 22. Nxb6 Qxb6 23. Nb3 Qc7 24. c5 d5 25. Kh2 h5 26. h4 Be7 27.
f4 Rd8 28. Qc2 Bd7 29. Nd4 Be8 30. Rd2 b6 31. Qd3 bxc5 32. bxc5 Bb5 33.
Nxb5 axb5 34. Rdc2 b4 35. e4 dxe4 36. Qxe4 Bf6 37. Rc4 Bc3 38. a3 Bb2 39.
axb4 Bxc1 40. Rxc1 Rd2 41. Rc4 Qa7 42. c6 Qa2 43. c7 Rc8 44. Rc5 Qb2 45.
Qb7 Kg7 46. b5 Kh7 47. b6 Kg7 48. Qc6 Kh7 49. Kh3 Kh6 50. Rb5 Qa2 51. Qe4
f5 52. Qf3 Rf2 53. b7 1-0

[Event "Gonzaga Masters 2020"]
[Site "Dublin IRL"]
[Date "2020.01.26"]
[Round "5.3"]
[White "Tiviakov, Sergei"]
[Black "O'Gorman, Tom"]
[Result "1-0"]
[WhiteTitle "GM"]
[BlackTitle "FM"]
[WhiteElo "2608"]
[BlackElo "2245"]
[BlackICU "2205"]
[BlackClub "Dun Laoghaire"]
[WhiteNationality "NED"]
[BlackNationality "IRL"]
[WhiteFideId "1008013"]
[BlackFideId "2508249"]
[PlyCount "79"]
[EventDate "2020.01.24"]
[Source "Live boards"]

{ Event information: <a
href="http://www.irlchess.com/gonzaga2020_allfiles/pairings_gonzaga2020.html">Tournament
report</a>. }

1. e4 c5 2. Nc3 d6 3. Nge2 Nf6 4. g3 Nc6 5. Bg2 g6 6. d4 cxd4 7. Nxd4 Nxd4
8. Qxd4 Bg7 9. Qa4+ Nd7 10. Nd5 e6 11. Nf4 O-O 12. c3 b5 13. Qd1 Nc5 14.
O-O Bb7 15. Re1 a5 16. Nd3 Qc7 17. Nxc5 dxc5 18. Bf4 Qc6 19. Qd6 Rfd8 20.
Qxc6 Bxc6 21. Rad1 b4 22. e5 Bxg2 23. Kxg2 Rxd1 24. Rxd1 g5 25. Bxg5 Bxe5
26. Be3 bxc3 27. bxc3 Rc8 28. c4 Kg7 29. Kf3 Rb8 30. Ke4 Bd4 31. Bxd4+ cxd4
32. Rd2 a4 33. Kxd4 a3 34. c5 Rb2 35. Kd3 Rb8 36. Rc2 Kf6 37. c6 Ke5 38. c7
Rc8 39. Rc4 Kd6 40. Ke4 1-0

[Event "Gonzaga Masters 2020"]
[Site "Dublin IRL"]
[Date "2020.01.26"]
[Round "5.4"]
[White "Turner, Matthew"]
[Black "Kanyamarala, Trisha"]
[Result "1-0"]
[WhiteTitle "GM"]
[BlackTitle "WFM"]
[WhiteElo "2521"]
[BlackElo "2195"]
[BlackICU "2140"]
[BlackClub "Balbriggan"]
[WhiteNationality "SCO"]
[BlackNationality "IRL"]
[WhiteFideId "402893"]
[BlackFideId "45004722"]
[PlyCount "71"]
[EventDate "2020.01.24"]
[Source "Live boards"]

{ Event information: <a
href="http://www.irlchess.com/gonzaga2020_allfiles/pairings_gonzaga2020.html">Tournament
report</a>. }

1. d4 Nf6 2. Nf3 d5 3. c4 e6 4. g3 Bb4+ 5. Bd2 Be7 6. Bg2 O-O 7. O-O Nbd7
8. Qc2 Ne4 9. Bf4 c6 10. Nc3 g5 11. Bc1 f5 12. Ne1 h6 13. f3 Nxc3 14. Qxc3
Nf6 15. Nd3 Bd7 16. Be3 Rc8 17. Bf2 Kg7 18. Rad1 Qc7 19. Rfe1 g4 20. Be3
Rce8 21. c5 h5 22. Bf4 Qd8 23. Be5 Rh8 24. Nf4 Reg8 25. e4 gxf3 26. exd5
fxg2 27. dxe6 Bc8 28. d5 cxd5 29. Nxd5 Qf8 30. Bd6 Bxd6 31. cxd6 Rh6 32. d7
Bxd7 33. exd7 Qd8 34. Re7+ Kf8 35. Nxf6 Qb6+ 36. Qe3 1-0

[Event "Gonzaga Masters 2020"]
[Site "Dublin IRL"]
[Date "2020.01.26"]
[Round "5.5"]
[White "Collins, Sam"]
[Black "Li, Henry"]
[Result "1/2-1/2"]
[WhiteTitle "IM"]
[BlackTitle "FM"]
[WhiteElo "2446"]
[BlackElo "2288"]
[WhiteICU "2421"]
[BlackICU "2276"]
[WhiteClub "Gonzaga"]
[BlackClub "Gonzaga"]
[WhiteNationality "IRL"]
[BlackNationality "IRL"]
[WhiteFideId "2501198"]
[BlackFideId "2508524"]
[PlyCount "142"]
[EventDate "2020.01.24"]
[Source "Live boards"]

{ Event information: <a
href="http://www.irlchess.com/gonzaga2020_allfiles/pairings_gonzaga2020.html">Tournament
report</a>. }

1. e4 e5 2. Nf3 Nc6 3. Bb5 a6 4. Ba4 Nf6 5. O-O Be7 6. Re1 b5 7. Bb3 d6 8.
c3 O-O 9. d4 Bg4 10. Be3 Bh5 11. Nbd2 Re8 12. h3 Bg6 13. Nh4 Na5 14. Nxg6
hxg6 15. Bc2 c5 16. d5 c4 17. b4 cxb3 18. axb3 Qc7 19. b4 Nc4 20. Nxc4 Qxc4
21. Qd3 Rec8 22. Ra3 Qc7 23. Rea1 Qb7 24. R1a2 Nd7 25. Qf1 Nb6 26. Bxb6
Qxb6 27. Qa1 Bh4 28. Bd3 Rf8 29. Qd1 Ra7 30. Qg4 Be7 31. g3 Rfa8 32. Qe2 a5
33. Bxb5 axb4 34. Rxa7 Rxa7 35. Rxa7 Qxa7 36. cxb4 Qd4 37. Bc4 Bd8 38. Kg2
Bb6 39. h4 Qc3 40. b5 Qd4 41. Bd3 Bc5 42. Qc2 Bb6 43. Bf1 Qc5 44. Qe2 Qd4
45. Qf3 Bc5 46. Kg1 Qb2 47. Kg2 Qd4 48. g4 Qd2 49. g5 Qf4 50. Qxf4 exf4 51.
Kf3 f6 52. Bh3 Kf7 53. Be6+ Ke7 54. Kg2 Bb6 55. Bg8 Kf8 56. Be6 Ke7 57. f3
Bc5 58. Kh3 Bb6 59. Kg4 Be3 60. Bg8 Kf8 61. Bh7 Kf7 62. Kh3 Bb6 63. Kg4 Be3
64. Bxg6+ Kxg6 65. h5+ Kf7 66. g6+ Kf8 67. Kf5 Ke7 68. Kg4 Kf8 69. Kf5 Ke7
70. b6 Bxb6 71. Kxf4 Bd4 1/2-1/2

[Event "Gonzaga Masters 2020"]
[Site "Dublin IRL"]
[Date "2020.01.26"]
[Round "5.11"]
[White "AlMousa, Suleiman"]
[Black "Melaugh, Shane"]
[Result "1-0"]
[BlackTitle "CM"]
[WhiteElo "1997"]
[BlackElo "2207"]
[BlackICU "2149"]
[BlackClub "Elm Mount"]
[WhiteNationality "JOR"]
[BlackNationality "IRL"]
[WhiteFideId "8103445"]
[BlackFideId "2509580"]
[PlyCount "65"]
[EventDate "2020.01.24"]
[Source "Live boards"]

{ Event information: <a
href="http://www.irlchess.com/gonzaga2020_allfiles/pairings_gonzaga2020.html">Tournament
report</a>. }

1. d4 e6 2. c4 f5 3. Nf3 Nf6 4. g3 Be7 5. Bg2 O-O 6. O-O d6 7. Nc3 Ne4 8.
Qc2 Nxc3 9. Qxc3 Bf6 10. Rd1 Qe8 11. Bg5 Nd7 12. c5 Nxc5 13. Bxf6 Ne4 14.
Qxc7 Rxf6 15. Nd2 Rf7 16. Qc2 d5 17. Nf3 Bd7 18. Rdc1 Rc8 19. Qd1 Bc6 20.
Ne5 Rfc7 21. Bxe4 dxe4 22. Rc3 Bd5 23. Rac1 Rxc3 24. Rxc3 Bxa2 25. Qc2 Rxc3
26. Qxc3 Bd5 27. e3 Qd8 28. h3 h6 29. Kh2 Kh7 30. Qa3 a5 31. Qc5 b6 32. Qb5
Kh8 $4 (32... Kg8 $10) 33. Nf7+ 1-0

[Event "Gonzaga Masters 2020"]
[Site "Dublin IRL"]
[Date "2020.01.26"]
[Round "5.13"]
[White "Haque, Muhtarim-Ul"]
[Black "Burke, Kevin"]
[Result "1/2-1/2"]
[WhiteElo "2045"]
[BlackElo "1851"]
[WhiteICU "1981"]
[BlackICU "1796"]
[WhiteClub "Rathmines"]
[BlackClub "St. Benildus"]
[WhiteNationality "IRL"]
[BlackNationality "IRL"]
[WhiteFideId "2509415"]
[BlackFideId "2501520"]
[PlyCount "39"]
[EventDate "2020.01.24"]
[Source "Live boards"]

{ Event information: <a
href="http://www.irlchess.com/gonzaga2020_allfiles/pairings_gonzaga2020.html">Tournament
report</a>. }

1. d4 e6 2. c4 f5 3. Nc3 Nf6 4. e3 Bb4 5. Ne2 b6 6. a3 Bxc3+ 7. Nxc3 Bb7 8.
d5 O-O 9. Be2 a5 10. b3 Na6 11. Bb2 e5 12. O-O Qe8 13. Qc2 d6 14. f4 exf4
15. exf4 Qe3+ 16. Kh1 Ne4 17. Nxe4 fxe4 18. Bc1 Qd4 19. Bb2 Qe3 20. Bc1
1/2-1/2